00377nam a22001217a 4500082003300000100003400033245006300067250001200130260005200142300001600194526003700210650000800247 a347.95491bNIZcL-32, P-111. aNizami, Muhammad Mazhar Hasan aThe code of civil procedurecMuhammad Mazhar Hasan Nizami. a5th ed. aLahore:bThe All Pakistan Legal Decisionsc1664 alx, 130 P.: a0b0c0d347_954910000000000_NIZ aMCE